Tìm hiểu chủ nghĩa lãng mạn trong thơ Huy Cận giai đoạn 1932- 1945 Luận văn tốt nghiệp Đại học Sư phạm ngành Văn Khóa 18
Guardado en:
| Autor principal: | |
|---|---|
| Formato: | Libro |
| Lenguaje: | Undetermined |
| Publicado: |
Cần Thơ
Trường Đại học Cần Thơ, Khoa Sư phạm
1996
|
| Materias: | |
| Etiquetas: |
Agregar Etiqueta
Sin Etiquetas, Sea el primero en etiquetar este registro!
|
| Thư viện lưu trữ: | Trung tâm Học liệu Trường Đại học Cần Thơ |
|---|
| LEADER | 00731nam a2200193Ia 4500 | ||
|---|---|---|---|
| 001 | CTU_15203 | ||
| 008 | 210402s9999 xx 000 0 und d | ||
| 082 | |a 808.1 | ||
| 082 | |b Th103/1996 | ||
| 100 | |a Trần Viết Thái | ||
| 245 | 0 | |a Tìm hiểu chủ nghĩa lãng mạn trong thơ Huy Cận giai đoạn 1932- 1945 | |
| 245 | 0 | |b Luận văn tốt nghiệp Đại học Sư phạm ngành Văn Khóa 18 | |
| 245 | 0 | |c Trần Viết Thái | |
| 260 | |a Cần Thơ | ||
| 260 | |b Trường Đại học Cần Thơ, Khoa Sư phạm | ||
| 260 | |c 1996 | ||
| 650 | |a vietnamese poetry - history and criticism | ||
| 904 | |i chi, 961205 | ||
| 980 | |a Trung tâm Học liệu Trường Đại học Cần Thơ | ||